007360000a220013300045001000023000002450051000233000047000745000023001215200298001447730045004429420008004879520090004959990017005851 aGaitán, Andrés10aLa esfera documentada : Documenta 12 en Kassel aVol.0, núm.10 (Julio, 2006), Página 13 aCrítico de arte. aEl portal de Internet colombiano Esfera Pública ha sido invitado a la más prestigiosa exhibición de arte contemporáneo del mundo: la Documenta de Kassel. ¿Por qué ahora la Documenta invita páginas web? ¿Y qué ha hecho a Esfera Pública merecedor de esta honrosa invitación?0 tArcadia / Andrés Felipe Solano, Editor cANA 001040708HEMaFUSBCbFUSBCd2016-01-26l0o r2016-01-26 00:00:00w2016-01-26yANA c61794d61794